La camada con suerte : (Record no. 16207)

MARC details
000 -LEADER
fixed length control field 01674cam a22004578i 4500
001 - CONTROL NUMBER
control field 18638775
003 - CONTROL NUMBER IDENTIFIER
control field DLC
005 - DATE AND TIME OF LATEST TRANSACTION
control field 20160916140943.0
008 - FIXED-LENGTH DATA ELEMENTS--GENERAL INFORMATION
fixed length control field 150528s2015 scu j b 000 0 spa c
010 ## - LIBRARY OF CONGRESS CONTROL NUMBER
LC control number 2015018838
020 ## - INTERNATIONAL STANDARD BOOK NUMBER
International Standard Book Number 9781628557206 (spanish pbk.)
020 ## - INTERNATIONAL STANDARD BOOK NUMBER
Canceled/invalid ISBN 9781628557220 (spanish downloadable ebook)
020 ## - INTERNATIONAL STANDARD BOOK NUMBER
Canceled/invalid ISBN 9781628557244 (spanish interactive dual-language ebook)
020 ## - INTERNATIONAL STANDARD BOOK NUMBER
Canceled/invalid ISBN 9781628557183 (english hardcover)
020 ## - INTERNATIONAL STANDARD BOOK NUMBER
Canceled/invalid ISBN 9781628557190 (english pbk.)
020 ## - INTERNATIONAL STANDARD BOOK NUMBER
Canceled/invalid ISBN 9781628557213 (english downloadable ebook)
020 ## - INTERNATIONAL STANDARD BOOK NUMBER
Canceled/invalid ISBN 9781628557237 (english interactive dual-language ebook)
040 ## - CATALOGING SOURCE
Original cataloging agency NJQ/DLC
Language of cataloging eng
Transcribing agency NJQ
Description conventions rda
Modifying agency DLC
041 1# - LANGUAGE CODE
Language code of text/sound track or separate title spa
Language code of original eng
042 ## - AUTHENTICATION CODE
Authentication code pcc
050 00 - LIBRARY OF CONGRESS CALL NUMBER
Classification number QL737.C22
Item number C8713 2015
082 04 - DEWEY DECIMAL CLASSIFICATION NUMBER
Classification number 599.773/139
Edition number 23
100 1# - MAIN ENTRY--PERSONAL NAME
Personal name Curtis, Jennifer Keats,
Relator term author.
240 10 - UNIFORM TITLE
Uniform title <a href="Lucky litter.">Lucky litter.</a>
Language of a work Spanish
245 13 - TITLE STATEMENT
Title La camada con suerte :
Remainder of title cachorros de lobo rescatados de un incendio forestal /
Statement of responsibility, etc. por Jennifer Keats Curtis ; fotografía por John Gomes.
260 ## - PUBLICATION, DISTRIBUTION, ETC. (IMPRINT)
Place of publication, distribution, etc. Mount Pleasant, SC :
Name of publisher, distributor, etc. Arbordale Publishing,
Date of publication, distribution, etc. [2015]
264 #1 - PRODUCTION, PUBLICATION, DISTRIBUTION, MANUFACTURE, AND COPYRIGHT NOTICE
Place of production, publication, distribution, manufacture Mount Pleasant, SC :
Name of producer, publisher, distributor, manufacturer Arbordale Publishing,
Date of production, publication, distribution, manufacture, or copyright notice [2015]
300 ## - PHYSICAL DESCRIPTION
Extent 1 volume (unpaged) ;
Dimensions 26 cm
336 ## - CONTENT TYPE
Content type term text
Source rdacontent
337 ## - MEDIA TYPE
Media type term unmediated
Source rdamedia
338 ## - CARRIER TYPE
Carrier type term volume
Source rdacarrier
504 ## - BIBLIOGRAPHY, ETC. NOTE
Bibliography, etc Includes bibliographical references.
521 1# - TARGET AUDIENCE NOTE
Target audience note 4-8.
650 #0 - SUBJECT ADDED ENTRY--TOPICAL TERM
Topical term or geographic name as entry element Wolves
General subdivision Infancy
Form subdivision Juvenile literature.
650 #0 - SUBJECT ADDED ENTRY--TOPICAL TERM
Topical term or geographic name as entry element Zoo animals
General subdivision Infancy
Form subdivision Juvenile literature.
650 #0 - SUBJECT ADDED ENTRY--TOPICAL TERM
Topical term or geographic name as entry element Animal rescue
Form subdivision Juvenile literature.
650 #0 - SUBJECT ADDED ENTRY--TOPICAL TERM
Topical term or geographic name as entry element Wildfires
Form subdivision Juvenile literature.
700 1# - ADDED ENTRY--PERSONAL NAME
Personal name Gomes, John
Fuller form of name (John G.),
Relator term illustrator.
942 ## - ADDED ENTRY ELEMENTS (KOHA)
Source of classification or shelving scheme Dewey Decimal Classification
Koha item type Libro/Book
Holdings
Withdrawn status Lost status Source of classification or shelving scheme Damaged status Not for loan Home library Current library Date acquired Total Checkouts Total Renewals Barcode Date last seen Date checked out Price effective from Koha item type
    Dewey Decimal Classification     Sevadilla -- Satellite San Juan Del Sur -- Biblioteca 16/09/2016 1 1 35400751 28/06/2023 19/02/2018 16/09/2016 Libro/Book

Powered by Koha